All Transformers in the Live Action Films - Statistics

General Stats
  • This quiz has been taken 282 times
  • The average score is 39 of 68
Answer Stats
Hint Answer % Correct
Autobot Bumblebee
98%
Autobot Optimus Prime
98%
Decepticon Megatron
93%
Autobot Ironhide
91%
Autobot Ratchet
91%
Autobot Jazz
88%
Decepticon Starscream
88%
Autobot Sideswipe
84%
Autobot Arcee
78%
Autobot Hound
78%
Decepticon Soundwave
78%
Decepticon Shockwave
77%
Autobot Mirage (Dino)
76%
Autobot Mudflap
76%
Autobot Skids
76%
Autobot Sentinel Prime
75%
Autobot Wheeljack (Que)
75%
Decepticon Barricade
74%
Autobot Jetfire
72%
Autobot Drift
71%
Decepticon The Fallen
69%
Decepticon Blackout
68%
Autobot Crosshairs
68%
Decepticon Galvatron
68%
Autobot Jolt
68%
Autobot Wheelie
67%
Decepticon Bonecrusher
66%
Decepticon Ravage
66%
Autobot Grimlock
65%
Decepticon Devastator
64%
Decepticon Brawl
63%
Decepticon Frenzy
62%
Decepticon Long Haul
62%
Autobot Leadfoot
61%
Autobot Roadbuster
59%
Autobot Topspin
59%
Autobot Brains
57%
Decepticon Mixmaster
55%
Autobot Chromia
54%
Decepticon Laserbeak
51%
Autobot Elita-One
50%
Decepticon Lockdown
50%
Decepticon Stinger
50%
Decepticon Rampage
49%
Decepticon Scrapper
49%
Autobot Slug
49%
Decepticon Sideways
47%
Decepticon Grindor
44%
Decepticon Scorponok
44%
Autobot Scorn
41%
Autobot Strafe
41%
Decepticon Scavenger
38%
Decepticon Driller
35%
Decepticon Hightower
35%
Decepticon Crowbar
34%
Decepticon Alice
33%
Decepticon Hatchet
33%
Decepticon Crankcase
32%
Decepticon Reedman
32%
Decepticon Scrapmetal
32%
Decepticon Overload
30%
Decepticon Demolishor
29%
Decepticon The Doctor (Scalpel)
29%
Decepticon Igor
24%
Decepticon Junkheap
19%
Decepticon Devcon
16%
Decepticon Insecticon
12%
Decepticon Loader
11%
No matching quizzes found
Score Distribution
Percent of People with Each Score
Percentile by Number Answered
Your Score History
You have not taken this quiz